000 01573nam a2200397 a 4500
999 _c135756
_d135756
003 BLK
005 20240215172311.0
008 180409b bul|||||r ||||||| ||bul||
010 _aKNG00141684000
040 _aBLK
041 _aBUL
_cBUL
080 _aБродиране - Гоблени, бяла и цветна бродерия, апликации и др.
_b746.3
_x(035)
_z746.3(035)
100 1 _aДухоньова, Милина
_eпърви автор
_965854
139 _aДухоньова, Милина
_bД 93
245 1 0 _aВезба
_cМилина Духоньова; прев. от словаш. Маргарита Кюркчиева.
257 _aCSK
260 _aСофия
_bТехника
_c1990
300 _a279 с.
_bс ил.
_c24 см
380 _a7
490 _aНаправи си сам
_9203622
500 _aОриг. загл. Vysivame / Milina Duchonova.
650 4 _aРъкоделие, художествено
_9314040
650 4 _aПриложно и декоративно изкуство
_9248151
653 _aвезба
653 _aшевици
653 _aбродерия
653 _aприложни изкуства
700 1 _aКюркчиева, Маргарита
_eпрев. от словаш.
_9371698
852 _aЦб 162146
856 4 _qpdf
_i0.00
_ldisable
856 4 _qpdf
_i0.00
_ldisable
942 _cKNG
_n0
_05
_s1
944 _aCR
_c05.04.2013
_lЦветомила Тодорова
_k30576
944 _aED
_c2022-11-14
_l2022-11-14
_kир
999 _d135756